|
|
|
|
| LEADER |
00000nam0a2200000 4500 |
| 001 |
112551 |
| 005 |
20231031121502.0 |
| 010 |
|
|
|a 5030013318
|
| 035 |
|
|
|a (RuTPU)RU\TPU\book\121696
|
| 090 |
|
|
|a 112551
|
| 100 |
|
|
|a 20070329d1990 k y0rusy50 ca
|
| 101 |
1 |
|
|a rus
|c eng
|
| 102 |
|
|
|a RU
|
| 105 |
|
|
|a a z 001zy
|
| 200 |
1 |
|
|a Группы петель
|e пер. с англ.
|f Э. Прессли, Г. Сигал
|
| 210 |
|
|
|a Москва
|c Мир
|d 1990
|
| 215 |
|
|
|a 456 с.
|c ил.
|
| 320 |
|
|
|a Библиогр.: с. 371-378, 440-442.
|
| 320 |
|
|
|a Указатель обозначений: с. 443-452.
|
| 330 |
|
|
|a Книга английских математиков, содержащая первое систематическое и достаточно полное изложение теории групп петель. Важнейшие факты теории представлений групп петель были обнаружены физиками, и весь подход в книге, вдохновлен квантовой теорией поля. Изложение доведено до современного уровня, особое внимание уделено глобальным вопросам (структура групп петель, геометрия их однородных пространств, приложения в теории нелинейных уравнений). В русское издание включен дополнительный материал. Для математиков и физиков-теоретиков разных специальностей, аспирантов и студентов университетов.
|
| 423 |
|
|
|t Группа петель и уравнения типа КдФ
|f Г. Сигал, Дж. Вильсон
|a Сигал, Грэм
|
| 610 |
1 |
|
|a математика
|
| 610 |
1 |
|
|a группы петель
|
| 610 |
1 |
|
|a группы Ли
|
| 610 |
1 |
|
|a гильбертовы пространства
|
| 610 |
1 |
|
|a представления
|
| 610 |
1 |
|
|a блипы
|
| 610 |
1 |
|
|a теория Бореля-Вейля
|
| 610 |
1 |
|
|a уравнения типа КдФ
|
| 675 |
|
|
|a 512.81
|v 3
|
| 700 |
|
1 |
|a Прессли
|b Э.
|g Эндрью
|
| 701 |
|
1 |
|a Сигал
|b Г.
|g Грэм
|
| 801 |
|
1 |
|a RU
|b 63413507
|c 20070329
|g PSBO
|
| 801 |
|
2 |
|a RU
|b 63413507
|c 20190215
|g PSBO
|
| 942 |
|
|
|c BK
|